অনন্যা এক নারী নওয়াব ফয়জুন্নেছা (Record no. 28778)
[ view plain ]
| 000 -LEADER | |
|---|---|
| fixed length control field | 00781nam a22001937a 4500 |
| 003 - CONTROL NUMBER IDENTIFIER | |
| control field | BDDh-ASL |
| 005 - DATE AND TIME OF LATEST TRANSACTION | |
| control field | 20231016062619.0 |
| 008 - FIXED-LENGTH DATA ELEMENTS--GENERAL INFORMATION | |
| fixed length control field | 220530s2011 b ||||| |||| 00| 0 b d |
| 040 ## - CATALOGING SOURCE | |
| Transcribing agency | BDDh-ASL |
| 082 ## - DEWEY DECIMAL CLASSIFICATION NUMBER | |
| Classification number | 920.72 |
| Item number | RAA |
| 100 1# - MAIN ENTRY--PERSONAL NAME | |
| 9 (RLIN) | 6254 |
| Personal name | রহমান, মো: সাদেকুর |
| Titles and words associated with a name | অধ্যক্ষ |
| 245 1# - TITLE STATEMENT | |
| Title | অনন্যা এক নারী নওয়াব ফয়জুন্নেছা |
| 246 ## - VARYING FORM OF TITLE | |
| Title proper/short title | Anannya Ek Nari Nawab Fayjunnecha |
| 260 ## - PUBLICATION, DISTRIBUTION, ETC. | |
| Place of publication, distribution, etc. | ঢাকা: |
| Name of publisher, distributor, etc. | বিভাস, |
| Date of publication, distribution, etc. | ২০১১। |
| 300 ## - PHYSICAL DESCRIPTION | |
| Extent | ১৬০ পৃষ্ঠা: |
| Dimensions | ২২ সে.মি. |
| 600 10 - SUBJECT ADDED ENTRY--PERSONAL NAME | |
| 9 (RLIN) | 6255 |
| Personal name | ফয়জুন্নেসা, নওয়াব |
| 650 #0 - SUBJECT ADDED ENTRY--TOPICAL TERM | |
| Topical term or geographic name entry element | biographical dictionary - চরিতাভিধান |
| 9 (RLIN) | 4665 |
| 942 ## - ADDED ENTRY ELEMENTS (KOHA) | |
| Source of classification or shelving scheme | Dewey Decimal Classification |
| Koha item type | Books |
| Withdrawn status | Lost status | Source of classification or shelving scheme | Damaged status | Not for loan | Collection code | Home library | Current library | Shelving location | Date acquired | Source of acquisition | Total Checkouts | Full call number | Barcode | Date last seen | Copy number | Price effective from | Koha item type |
|---|---|---|---|---|---|---|---|---|---|---|---|---|---|---|---|---|---|
| Dewey Decimal Classification | Non-fiction | Asiatic Society Library | Asiatic Society Library | General Stacks | 05/30/2022 | Complementary | 920.72 RAA | 116837 | 05/30/2022 | C-1 | 05/30/2022 | Books |